000 00687nam a22002537i 4500
003 DO-SdBNP
005 20250526133742.0
007 ta
008 250526b2023 |||||||| |||| 00| 0 spa d
020 _a9789945649024
040 _aDO-SdBNP
_bspa
_cBNPHU
_erda
041 _hspa
082 _axxx
_bL869m
_222
100 0 _aLorenzo, José Manuel
_eautor
_987683
245 0 4 _aMás que religión
264 _aSanto Domingo :
_bMalenia Ediciones,
_c2023.
300 _a180 páginas ;
_c22 cm
336 _ardacontent
_btexto
_2txt
337 _ardamedia
_bsin mediación
_2n
338 _ardacarrier
_bvolumen
_2nc
590 _aInventariado, 2023/DG
910 _aDG
942 _2ddc
_cLBS1
999 _c58950
_d58950